Материалы в V Всесоюзному петрографическому совещанию

Detalles Bibliográficos
Autor Corporativo: Академия наук Казахской ССР (АН КазССР) Институт геологических наук им. К. И. Сатпаева (ИГН)
Lenguaje:ruso
Publicado: Алма-Ата, Наука, 1976-
Formato: MixedMaterials Libro
KOHA link:https://koha.lib.tpu.ru/cgi-bin/koha/opac-detail.pl?biblionumber=134090

MARC

LEADER 00000nam1a2200000 4500
001 134090
005 20231031135545.0
035 |a (RuTPU)RU\TPU\book\145340 
090 |a 134090 
100 |a 20080326d m y0rusy50 ca 
101 0 |a rus 
102 |a KZ 
200 1 |a Материалы в V Всесоюзному петрографическому совещанию  |f Академия наук Казахской ССР ; Институт геологических наук им. К. И. Сатпаева 
210 |a Алма-Ата  |c Наука  |d 1976-  
712 0 2 |a Академия наук Казахской ССР (АН КазССР)  |b Институт геологических наук им. К. И. Сатпаева (ИГН)  |c (Алма-Ата)  |2 stltpush  |3 (RuTPU)RU\TPU\col\5163 
801 1 |a RU  |b 63413507  |c 20080326  |g PSBO 
801 2 |a RU  |b 63413507  |c 20091026  |g PSBO 
942 |c BK